Statistics for Spot the Imposter - World Capitals

Click here to take the quiz!

General Stats

  • This quiz has been taken 274 times
    (152 since last reset)
  • The average score is 22 of 25

Answer Stats

QuestionAnswer% Correct
Which is not the current capital city of one of the 196 Countries of the World as recognized by JetPunk?Sydney
97%
Which is not the current capital city of one of the 196 Countries of the World as recognized by JetPunk?Frankfurt
96%
Which is not the current capital city of one of the 196 Countries of the World as recognized by JetPunk?Glasgow
94%
Which is not the current capital city of one of the 196 Countries of the World as recognized by JetPunk?Istanbul
94%
Which is not the current capital city of one of the 196 Countries of the World as recognized by JetPunk?Toronto
94%
Which is not the current capital city of one of the 196 Countries of the World as recognized by JetPunk?Mecca
93%
Which is not the current capital city of one of the 196 Countries of the World as recognized by JetPunk?The Hague
93%
Which is not the current capital city of one of the 196 Countries of the World as recognized by JetPunk?Zürich
93%
Which is not the current capital city of one of the 196 Countries of the World as recognized by JetPunk?Almaty
92%
Which is not the current capital city of one of the 196 Countries of the World as recognized by JetPunk?Edgarton
91%
Which is not the current capital city of one of the 196 Countries of the World as recognized by JetPunk?Rio de Janeiro
91%
Which is not the current capital city of one of the 196 Countries of the World as recognized by JetPunk?Belfast
90%
Which is not the current capital city of one of the 196 Countries of the World as recognized by JetPunk?Hong Kong
90%
Which is not the current capital city of one of the 196 Countries of the World as recognized by JetPunk?Karachi
89%
Which is not the current capital city of one of the 196 Countries of the World as recognized by JetPunk?Mumbai
89%
Which is not the current capital city of one of the 196 Countries of the World as recognized by JetPunk?Dubai
88%
Which is not the current capital city of one of the 196 Countries of the World as recognized by JetPunk?Ho Chi Minh City
87%
Which is not the current capital city of one of the 196 Countries of the World as recognized by JetPunk?Lagos
87%
Which is not the current capital city of one of the 196 Countries of the World as recognized by JetPunk?Tel Aviv
87%
Which is not the current capital city of one of the 196 Countries of the World as recognized by JetPunk?Edinburgh
85%
Which is not the current capital city of one of the 196 Countries of the World as recognized by JetPunk?Yangon
85%
Which is not the current capital city of one of the 196 Countries of the World as recognized by JetPunk?Johannesburg
83%
Which is not the current capital city of one of the 196 Countries of the World as recognized by JetPunk?Banjui
82%
Which is not the current capital city of one of the 196 Countries of the World as recognized by JetPunk?Bridgeville
79%
Which is not the current capital city of one of the 196 Countries of the World as recognized by JetPunk?San Juan
74%

Score Distribution

Percentile by Number Answered

Percent of People with Each Score

Your Score History

You have not taken this quiz since the last reset